[Event "RUS-Cup9"]
[Site "Novgorod"]
[Date "1997.06.11"]
[Round "1"]
[White "Goldin, Alexander"]
[Black "Alavkin, Arseny Nailievich"]
[Result "1/2-1/2"]
[WhiteElo "2590"]
[BlackElo "2375"]
[Annotator "Huebner,R"]
[PlyCount "86"]
[EventDate "1997.06.11"]
[EventType "swiss"]
[EventRounds "9"]
[EventCountry "RUS"]
[SourceTitle "CBM 060"]
[Source "ChessBase"]
[SourceDate "1997.09.29"]
[SourceVersion "1"]
[SourceVersionDate "1997.09.29"]
[SourceQuality "1"]

1. d4 d5 2. c4 c6 3. Nf3 Nf6 4. Nc3 a6 5. Bg5 Ne4 6. Bf4 Nxc3 7. bxc3 dxc4 8.
g3 e6 {Diese ruhige Fortsetzung ist, soviel ich sehe, noch nicht probiert
worden. Sie hat viel für sich: Schwarz versucht, die sonst in dieser Variante
üblichen schwächenden Bauernzüge zu vermeiden und den auf e5 auftauchenden
Springer mit Sb8-d7 abzutauschen. In der Partie findet Weiß kein Gegenmittel
gegen diesen Plan und kommt bald in einer Verluststellung zurecht.} 9. Bg2 b5
10. Ne5 Bb7 11. Rb1 Qc8 12. O-O Be7 13. Qc2 (13. e4 {sieht plausibler aus,
aber Vorteil hat Weiß bestimmt nicht.}) 13... Nd7 14. h4 $6 (14. Nxd7 Qxd7 15.
a4 {gefällt mir besser; Weiß sollte c6-c5 möglichst unattraktiv für Schwarz
machen.}) 14... Nxe5 15. Bxe5 f6 16. Bf4 c5 $17 17. e4 cxd4 18. cxd4 O-O 19.
Be3 f5 20. Rfd1 Qd7 21. d5 exd5 22. exd5 Bd6 23. Bh3 Qf7 24. Bg2 f4 25. gxf4
Bxf4 26. Bxf4 Qxf4 27. a4 Bc8 28. Rb4 Qd6 29. Qc3 Bd7 30. Rb2 Rae8 31. axb5
axb5 32. Rd4 Rf6 33. Ra2 b4 $1 {Eine beeindruckende Gewinnkombination.} 34.
Qxc4 Re1+ 35. Bf1 Rg6+ 36. Kh1 Qf8 37. Rf4 {Ich sehe keine Rettung für Weiß:} (
37. Kh2 b3 38. Rad2 Qd6+ {Nachdem der Turm des Weißen nicht mehr auf a8
einzudringen droht, gewinnt Schwarz mühelos.}) (37. f4 Bh3 38. Rf2 Bxf1 39.
Rxf1 Qf5 40. d6+ Kh8 41. Kh2 Re3 {und Schwarz setzt matt.}) 37... Rxf1+ 38. Kh2
Rf6 $4 {Schwarz strauchelt kurz vor dem Ziel.} ({Zum Gewinn führte} 38... Qb8
39. d6+ Be6 40. Qxb4 Qc8 $19) 39. Rxf6 Qxf6 40. Ra8+ Kf7 41. Qxf1 Qxh4+ 42. Kg1
Qg5+ 43. Qg2 Qc1+ 1/2-1/2

[Event "Madrid Magistral 6th"]
[Site "Madrid"]
[Date "1997.05.21"]
[Round "1"]
[White "Beliavsky, Alexander G"]
[Black "Piket, Jeroen"]
[Result "1-0"]
[WhiteElo "2665"]
[BlackElo "2640"]
[Annotator "Huebner,R"]
[PlyCount "101"]
[EventDate "1997.06.??"]
[EventType "tourn"]
[EventRounds "9"]
[EventCountry "ESP"]
[EventCategory "17"]
[SourceTitle "CBM 059"]
[Source "ChessBase"]
[SourceDate "1997.08.01"]
[SourceVersion "1"]
[SourceVersionDate "1997.08.01"]
[SourceQuality "1"]

1. d4 d5 2. c4 c6 3. Nf3 Nf6 4. Nc3 a6 5. a4 e6 6. Bg5 Nbd7 7. e3 Qa5 8. Nd2
Bb4 9. Qc2 c5 10. Be2 (10. Nb3 $5 Qc7 11. dxc5 {kommt in Betracht. Wenn
Schwarz versucht, sofort die Initiative zu ergreifen, scheitert er:} Ne4 (11...
Nxc5 12. Bxf6 gxf6 13. cxd5 {ist offenbar vorteilhaft für Weiß.}) (11... dxc4
12. Bxc4 Bxc5 {ist vielleicht die solideste Entgegnung.}) 12. Bf4 e5 13. cxd5
Ndxc5 14. Nxc5 Nxc5 15. Bg3 Ne4 16. Rc1 $16) 10... cxd4 11. exd4 dxc4 12. Bxf6
Nxf6 13. Nxc4 Qc7 {Schwarz hat offenbar keinerlei Probleme.} 14. Qb3 Bd6 15. a5
(15. Qb6 Qxb6 16. Nxb6 Rb8 {führt zum Ausgleich.}) 15... O-O 16. Qb6 Rd8 17.
Bf3 Rb8 18. O-O-O Nd5 19. Qxc7 Bxc7 20. Rhe1 Nb4 21. Nb6 Bxb6 (21... Nc6 22.
Bxc6 bxc6 (22... Bxb6 23. axb6 bxc6 24. Na4 {führt zu großem Vorteil für Weiß.}
) 23. Nca4 {führt zu einer unklaren Lage.}) 22. axb6 Rd6 23. d5 Rxb6 24. Bg4
Kf8 25. dxe6 Bxe6 26. Bxe6 fxe6 $6 (26... Rxe6 {ist solider, doch sollte Weiß
die Stellung nach} 27. Rxe6 fxe6 28. Rd7 {halten können. In der Folge
entfalten die Türme des Weißen eine unangenehme Aktivität.}) 27. Rd7 Rc8 28.
Re3 Nd5 29. Rg3 Ne7 30. Kb1 Ke8 31. Rd2 Nf5 32. Rgd3 Rbc6 33. Ne4 Rc1+ (33...
h5 34. f3 R8c7 {war sicherer.}) 34. Ka2 h5 35. f3 R8c2 (35... R8c7 $5) 36. Rd8+
Kf7 37. R2d7+ Kg6 38. g4 hxg4 39. fxg4 Nh6 40. h3 Rc4 (40... Rc7 {führt zum
Remis.}) 41. Nc3 Rh1 ({Zum Remis ausreichend war} 41... R4xc3 42. bxc3 Rxc3 43.
Rd3 Rxd3 44. Rxd3 Nf7 $11) 42. Re8 Rxh3 $2 (42... Kf6 {war unabdingbar; ich
sehe nun keinen Gewinn für Weiß.}) 43. Rxe6+ Kh7 44. Ne4 $18 Ra4+ 45. Kb1 Rh1+
46. Kc2 Rf1 (46... Rc4+ 47. Kb3 Rc8 48. Ree7 $18) 47. Ng5+ Kg8 48. Ree7 Rxg4
49. Rxg7+ Kh8 50. Rh7+ Kg8 51. Rdg7+ 1-0

[Event "RUS-Cup9"]
[Site "Novgorod"]
[Date "1997.06.22"]
[Round "9"]
[White "Kravtsov, Sergey"]
[Black "Volkov, Sergey"]
[Result "0-1"]
[WhiteElo "2370"]
[BlackElo "2480"]
[Annotator "Huebner,R"]
[PlyCount "71"]
[EventDate "1997.06.11"]
[EventType "swiss"]
[EventRounds "9"]
[EventCountry "RUS"]
[SourceTitle "CBM 060"]
[Source "ChessBase"]
[SourceDate "1997.09.29"]
[SourceVersion "1"]
[SourceVersionDate "1997.09.29"]
[SourceQuality "1"]

1. d4 d5 2. c4 c6 3. Nc3 Nf6 4. Nf3 a6 5. Bg5 Ne4 6. Bf4 Nxc3 7. bxc3 dxc4 8.
g3 b5 9. Bg2 Bb7 10. Ne5 f6 11. Nxc4 bxc4 12. Rb1 e5 13. Rxb7 exf4 14. Qa4 Qc8
15. Rb6 Bd6 16. Qxc4 Ke7 17. gxf4 {Das ist eine Neuerung.} (17. O-O Ra7 18.
Rfb1 Rd8 (18... fxg3 $5 {Tukmakov, Inf. 36/449.}) 19. gxf4 Qe6 (19... Bxf4 20.
d5 $44 {Tukmakov, Inf. 36/449.}) 20. Qd3 g6 21. c4 $44 {geschah in der Partie
Tukmakov-Bagirov, UdSSR 1983, Inf. 36/449. Der Textzug ist keine Verbesserung;
natürlich sollte Weiß seinen Königsturm möglichst rasch mobilisieren.}) 17...
Ra7 18. Rg1 $2 {Besser war} (18. O-O) 18... g6 19. Be4 f5 20. Bd3 Qe6 $19 {
Nach Damentausch muß sich das Materialübergewicht des Schwarzen auf die Dauer
geltend machen lassen.} 21. Qxe6+ Kxe6 22. e3 Bc7 23. Rb3 Nd7 24. Kd2 a5 25.
Be2 a4 26. Rbb1 Ba5 27. Kd3 c5 28. c4 cxd4 29. exd4 Bc7 30. c5 Bxf4 31. Kc4
Bxh2 32. Rge1 Rc8 33. Bf3+ Kf6 34. Rh1 Bd6 35. Rxh7 Bxc5 36. Bb7 0-1

[Event "EU-chT (Men) 11th"]
[Site "Pula"]
[Date "1997.05.??"]
[Round "2.4"]
[White "Sadler, Matthew D"]
[Black "Hellsten, Johan"]
[Result "1-0"]
[WhiteElo "2645"]
[BlackElo "2485"]
[Annotator "Huebner,R"]
[PlyCount "81"]
[EventDate "1997.05.05"]
[EventType "team-swiss"]
[EventRounds "9"]
[EventCountry "CRO"]
[SourceTitle "CBM 057 Extra"]
[Source "ChessBase"]
[SourceDate "1997.05.01"]
[SourceVersion "1"]
[SourceVersionDate "1997.05.01"]
[SourceQuality "1"]
[WhiteTeam "England"]
[BlackTeam "Sweden"]
[WhiteTeamCountry "ENG"]
[BlackTeamCountry "SWE"]

1. d4 d5 2. c4 c6 3. Nf3 Nf6 4. Nc3 a6 5. a4 g6 6. Bg5 {Bekannt war} (6. Bf4
Bg7 7. e3 O-O 8. Be2 c5 $1 9. dxc5 $6 Qa5 10. O-O (10. cxd5 Nxd5 $1 $17) 10...
dxc4 11. Ne5 (11. Bxc4 Qxc5 12. Bb3 Nc6 13. h3 Bf5 $10) 11... Qxc5 12. Nxc4 Nc6
13. a5 $6 (13. Qb3 Be6 14. Qb6 $10) 13... Be6 $15 {Khalifman,A-Sokolov,I/
Groningen PCA 1993/0-1 (61)}) 6... Bg7 7. e3 O-O 8. Qb3 e6 (8... b6 {scheitert
an} 9. Bxf6 dxc4 10. Bxe7 cxb3 11. Bxd8 Rxd8 12. Bc4) (8... Ne4 {scheint mir
dagegen in Betracht zu kommen.}) 9. a5 $16 {In der Folge wird Schwarz mit der
Entwicklung seines Damenläufers große Schwierigkeiten haben.} Nbd7 10. Be2 Qe7
11. h3 Re8 12. O-O Qf8 13. Bf4 Ne4 14. Nxe4 dxe4 15. Ne5 Qe7 16. Rfd1 f6 17.
Nxd7 Qxd7 18. c5 Qf7 19. Bc4 f5 20. Rd2 Bf6 21. Rf1 Bd8 22. Qb4 Bc7 23. Be5 Qe7
24. Kh2 Qf7 25. Qc3 Rd8 26. Rfd1 Re8 27. f3 {In Betracht kam auch} (27. Be2 {
gefolgt von f2-f3, e4xf3, Le2xf3.}) 27... exf3 28. gxf3 Qe7 29. Rg1 Rd8 30.
Rgd1 Kf8 31. e4 $2 {Dies scheint mir unnötig. Nach} (31. b4 {bleibt Schwarz
völlig ohne Gegenspiel und wird entscheidende Linienöffnung auf die Dauer
nicht verhindern können.}) 31... Bxe5+ 32. dxe5 Rxd2+ 33. Qxd2 Qxc5 34. Qd8+
Kg7 35. Qf6+ Kh6 36. Kg3 Qxc4 $2 (36... fxe4 {war nötig; Weiß dürfte dann
nichts Besseres als Dauerschach haben.}) 37. Qf8+ Kh5 38. Qe7 (38. Qg7 {
gewinnt ebenfalls:} f4+ 39. Kxf4 h6 40. Rg1 $18) 38... f4+ (38... Kh6 39. Kh4
$18) 39. Kxf4 Kh6 40. Kg4 Bd7 41. Rxd7 1-0

[Event "EU-chT (Men) 11th"]
[Site "Pula"]
[Date "1997.05.??"]
[Round "5.2"]
[White "Arlandi, Ennio"]
[Black "Rogic, Davor"]
[Result "1-0"]
[WhiteElo "2470"]
[BlackElo "2455"]
[Annotator "Huebner,R"]
[PlyCount "73"]
[EventDate "1997.05.05"]
[EventType "team-swiss"]
[EventRounds "9"]
[EventCountry "CRO"]
[SourceTitle "CBM 057 Extra"]
[Source "ChessBase"]
[SourceDate "1997.05.01"]
[SourceVersion "1"]
[SourceVersionDate "1997.05.01"]
[SourceQuality "1"]
[WhiteTeam "Italy"]
[BlackTeam "Croatia II"]
[WhiteTeamCountry "ITA"]
[BlackTeamCountry "CRO"]

1. d4 d5 2. c4 c6 3. Nc3 dxc4 4. e3 b5 5. a4 b4 6. Na2 e6 7. Bxc4 Nd7 8. Nf3
Bb7 9. O-O Ngf6 10. Bd2 a5 11. Nc1 Bd6 12. Nb3 O-O 13. Qe2 Ne4 14. Rfd1 c5 15.
Be1 Qe7 16. dxc5 Ndxc5 17. Nfd4 Qh4 18. h3 Qg5 19. Qg4 Qh6 20. Nxc5 Bxc5 21.
Nb3 Bb6 22. Nd2 Nf6 23. Qe2 Rac8 $2 {Schwarz sollte den Abtausch seines
weißfeldrigen Läufers nicht zulassen. Nach} (23... Qg6 {steht er eine
Kleinigkeit besser.}) 24. Ba6 Bxg2 $2 {Dies ist beherzt, aber total inkorrekt.
Nach} (24... Bxa6 25. Qxa6 Bc7 26. Rdc1 ({Nach} 26. Rac1 Qh5 27. Nf3 Rcd8 {
ist auch nicht viel los}) 26... Qh5 {kann} 27. Qb7 {mit} Qe5 28. Nf3 Qxb2 {
beantwortet werden.}) 25. Kxg2 $18 Rc5 26. f4 Rh5 27. Qf3 Nd5 28. Nf1 Bxe3 29.
Rxd5 exd5 30. Nxe3 d4 31. Be2 Rc5 32. Ng4 Qg6 33. Kh1 Re8 34. Bd3 Qd6 35. Bd2
h5 36. Ne5 f6 37. Qxh5 1-0

[Event "RUS-Cup7"]
[Site "Kstovo"]
[Date "1997.05.04"]
[Round "4"]
[White "Gleizerov, Evgeny"]
[Black "Burmakin, Vladimir"]
[Result "1-0"]
[WhiteElo "2545"]
[BlackElo "2530"]
[Annotator "Huebner,R"]
[PlyCount "61"]
[EventDate "1997.05.01"]
[EventType "swiss"]
[EventRounds "9"]
[EventCountry "RUS"]
[SourceTitle "CBM 059"]
[Source "ChessBase"]
[SourceDate "1997.08.01"]
[SourceVersion "1"]
[SourceVersionDate "1997.08.01"]
[SourceQuality "1"]

1. d4 d5 2. c4 c6 3. Nf3 Nf6 4. Nc3 a6 5. Ne5 Nbd7 6. Bf4 dxc4 7. Nxc4 b5 8.
Ne5 Bb7 9. e3 Nxe5 (9... e6 10. Be2 c5 11. Bf3 Bxf3 12. Qxf3 cxd4 13. exd4 Bb4
14. O-O Bxc3 15. bxc3 Nd5 $11 {Szabolcsi,J-Keitlinghaus,L/Budapest FS08 GM
1996/0-1 (64)}) 10. Bxe5 Nd7 11. Bg3 b4 $6 (11... e6 {sieht verständiger aus.
Im Folgenden vernachlässigt Schwarz die Entwicklung seines Königsflügels
sträflich.}) 12. Ne4 c5 13. d5 Qa5 14. Bc4 Nb6 $2 (14... g6 {kam in Betracht,
wenn auch die Lage für Schwarz positionell schon sehr bedenklich ist; der
Bauer auf c5 ist rückständig und schwach.}) 15. Bc7 Rc8 16. Bxb6 Qxb6 17. Qa4+
Kd8 18. O-O h6 19. Rfd1 g6 20. Rac1 Bg7 21. d6 e6 $2 ({Schwarz mußte unbedingt
} 21... Bxe4 22. dxe7+ Kc7 23. Qd7+ Kb8 24. Bxf7 Bxb2 {versuchen. Den Bauern
auf d6, der die schwarzen Streitkräfte in zwei Teile spaltet und deren
Koordination verhindert, überleben zu lassen, bedeutet Selbstmord.}) 22. Qc2
$18 f5 23. Nd2 Qc6 24. f3 Qd7 25. Nb3 Bf6 26. Na5 Rb8 27. Bb3 Qb5 28. Qxc5 Qxc5
29. Rxc5 Rh7 30. Bxe6 Bxb2 31. d7 1-0

[Event "RUS-chT 11th"]
[Site "Sochi"]
[Date "2004.04.28"]
[Round "9.3"]
[White "Korotylev, Alexey"]
[Black "Frolov, Denis"]
[Result "1-0"]
[WhiteElo "2565"]
[BlackElo "2401"]
[Annotator "Huebner,R"]
[PlyCount "57"]
[EventDate "2004.04.20"]
[EventType "team-tourn"]
[EventRounds "9"]
[EventCountry "RUS"]
[SourceTitle "EXT 2020"]
[Source "ChessBase"]
[SourceDate "2019.10.17"]
[SourceVersion "1"]
[SourceVersionDate "2019.10.17"]
[SourceQuality "1"]
[WhiteTeam "Samara Termosteps"]
[BlackTeam "Tomsk Siberian Athens-Neftekhim"]
[WhiteTeamCountry "RUS"]
[BlackTeamCountry "RUS"]

1. d4 d5 2. c4 c6 3. Nc3 Nf6 4. e3 a6 5. Nf3 Bf5 6. Qb3 Ra7 7. Nh4 Be6 (7...
Bg6 8. Nxg6 hxg6 9. cxd5 cxd5 10. Bd2 e6 11. Rc1 Nc6 12. Bd3 Bd6 13. h3 $14 {
1-0 Kempinski,R-Anastasian,A/Linares 2001/CBM 81/[Huebner,R] (53). (52)}) 8. c5
g5 $6 {Da Schwarz darauf angewiesen ist, den König am Königsflügel
unterzubringen, ist dieses Verfahren einigermaßen riskant.} (8... Nbd7 {
nebst g7-g6 sieht mir vertrauenerweckender aus.}) 9. Nf3 h6 10. Bd3 Bg7 11. Qc2
Nbd7 12. Bd2 Bg4 13. h4 Qc7 14. O-O-O $6 ({Die Fortsetzung} 14. hxg5 hxg5 15.
Rxh8+ Bxh8 16. O-O-O (16. Nxg5 Qh2 17. Bf1 e5 18. Nf3 {kommt auch in Betracht.}
) 16... Bxf3 17. gxf3 {gibt dem Weißen das bessere Spiel.}) 14... gxh4 15. Rxh4
h5 $6 (15... e5 16. dxe5 Nxe5 17. Be2 Bxf3 18. gxf3 Qe7 19. Na4 Ne4 20. Rh2
Nxd2 {hätte dem Schwarzen eine brauchbare Stellung verschafft.}) 16. Re1 Bxf3
$6 (16... b6 17. cxb6 Nxb6 {gefällt mir besser als der Textzug. Der Abtausch
verbessert die Bauernstruktur des Weißen.}) 17. gxf3 Ra8 $2 {Danach wird die
Lage des Schwarzen ganz hoffnungslos.} ({Die Fortsetzung} 17... e5 18. e4 Kd8 {
bietet vielleicht noch Kampfesmöglichkeiten.}) 18. e4 dxe4 19. fxe4 {Die
Stellung des Schwarzen ist strategisch verloren: sein König ist in der Mitte
steckengeblieben (kurze Rochade kommt natürlich nicht in Betracht), und Weiß
hat den größeren Einfluß im Zentrum sowie Raumvorteil.} e5 {Die Öffnung der
Stellung beschleunigt den Untergang, aber auch nach} (19... b6 20. e5 (20. Bf4
Bh6) 20... Nd5 21. cxb6 Qxb6 22. Na4 Qc7 23. e6 {wird Schwarz nicht mehr lange
leben.}) 20. f4 $18 exd4 21. e5 Ng4 22. Ne4 Ne3 23. Nd6+ Kf8 24. Bxe3 dxe3 25.
Qc4 Nb8 26. Rxe3 Qe7 27. Rg3 Qe6 28. Qb4 Nd7 29. Bc4 1-0

[Event "FRA-ch"]
[Site "Narbonne"]
[Date "1997.08.15"]
[Round "1"]
[White "Chabanon, Jean Luc"]
[Black "Bricard, Emmanuel"]
[Result "1-0"]
[WhiteElo "2455"]
[BlackElo "2350"]
[Annotator "Huebner,R"]
[PlyCount "65"]
[EventDate "1997.08.15"]
[EventType "tourn"]
[EventRounds "15"]
[EventCountry "FRA"]
[EventCategory "9"]
[SourceTitle "CBM 061"]
[Source "ChessBase"]
[SourceDate "1997.11.23"]
[SourceVersion "1"]
[SourceVersionDate "1997.11.23"]
[SourceQuality "1"]

1. d4 d5 2. c4 c6 3. Nf3 Nf6 4. Nc3 a6 5. c5 Bf5 6. Qb3 Ra7 7. Bf4 Nbd7 8. h3
h6 9. g4 (9. e3 g5 10. Bh2 Bg7 11. Be2 (11. Ne5 O-O 12. f3 Nxe5 13. Bxe5 Nd7
14. Bxg7 Kxg7 15. e4 dxe4 16. fxe4 Bg6 17. O-O-O e5 18. Qc4 Qf6 19. dxe5 Nxe5
20. Qd4 Raa8 21. Qe3 Rad8 22. Be2 Qe7 23. Rhe1 Nd7 24. Qd4+ Nf6 25. Qe3 Qe5 26.
Bf3 h5 27. a3 Rfe8 28. Rxd8 Rxd8 29. Bd1 Rd4 30. Bc2 Rc4 31. Kb1 Rxc5 32. Qd2
Rc4 33. Qd8 Nxe4 34. Bxe4 Bxe4+ 35. Nxe4 Rxe4 {0-1 Kramnik,V-Shirov,A/Vienna
Millenium 1996/CBM 55/[Shirov]}) 11... O-O 12. O-O Re8 13. Rad1 Nh7 14. a4 Qc8
15. Rd2 Nhf8 16. Qa3 e5 17. Nxe5 Nxe5 18. Bxe5 Bxe5 19. dxe5 Rxe5 20. f4 Rxe3
21. Nxd5 Re6 22. Nb6 Qe8 23. fxg5 Re3 24. Qb4 Bg6 25. Bc4 hxg5 26. Rdf2 Ne6 27.
Qd2 Nf4 28. Rf3 Re7 29. h4 Ne6 30. Bxe6 Rxe6 31. Qxg5 Re5 32. Qg3 Kh7 33. Nd7
Qxd7 34. Qxe5 Ra8 35. h5 {1-0 Lacrosse,M-Coursaget,N/Cannes opB18th 1997/EXP 57
}) 9... Bh7 10. Rg1 g5 11. Bh2 Bg7 12. Ne5 O-O 13. O-O-O Nxe5 14. Bxe5 Nd7 15.
Bxg7 Kxg7 16. e4 dxe4 $6 ({Nach} 16... e6 {hätte Schwarz meines Erachtens
nicht das Geringste zu befürchten.}) 17. Bg2 Nf6 18. d5 Qa5 {Dies ist gut
genug, aber noch unangenehmer für Weiß war wohl} (18... cxd5 19. Nxd5 e6 20.
Qb6 (20. Nb6 Qc7 21. Qe3 Qh2 $13 {führt zu einer unklaren Lage. Andere Züge
kommen für Schwarz in Betracht, zum Beispiel} (21... Qf4) (21... a5 {ich habe
Vertrauen in die Möglichkeiten des Schwarzen.})) 20... exd5 (20... Qxb6 21.
Nxb6 a5 $13) 21. Qxa7 Qa5 {Der Angriff des Schwarzen ist höchst gefährlich.})
19. Qb6 Qxb6 20. cxb6 Raa8 21. dxc6 bxc6 22. Rge1 Rab8 23. Na4 a5 ({Nach} 23...
Nd5 24. Bxe4 Bxe4 25. Rxe4 Rfe8 (25... e6 26. Nc5 Rxb6 27. Nd7 Nf6 28. Rxe6 $11
{führt zum Remis.}) 26. Rc4 Nxb6 27. Nxb6 Rxb6 28. Rd7 {entsteht ein
Doppelturmendspiel mit Remistendenz.}) 24. Rd4 (24. Re3 Nd5 25. Rb3 f5 26. Nc5
Nf4 27. Bf1 Bg8 {führt zu einer scharfen, ziemlich unklaren Stellung.}) 24...
e6 (24... Nd5 {führt zum Remis.}) 25. Re3 Rb7 $2 {Der Turm steht hier nicht
besser, sondern schlechter als auf b8, weil er nach Sa4-c5 stets hängt. Jetzt
war bestimmt Zeit für} (25... Nd5 26. Rb3 Nb4 27. Bxe4 (27. a3 Nd3+ 28. Kd2 f5
{sieht sehr riskant für Weiß aus.}) 27... Bxe4 28. Rxe4 Rfd8 {und Schwarz
sollte nicht verlieren.}) 26. Rb3 Nd5 27. Bf1 Ra8 28. Kd2 Kf6 (28... Rab8 {
scheitert an} 29. Ba6 e5 30. Rxd5 cxd5 31. Bxb7 Rxb7 32. Nc5 Rb8 33. b7 $18 {
und Weiß gewinnt.}) (28... Bg6 29. Rxd5 cxd5 30. Nc5 Rbb8 31. b7 Ra7 32. Ba6 {
ist auch nicht mehr ausreichend. Schwarz ist verloren.}) 29. Nc5 Re7 30. b7 Rb8
31. Ra4 Ke5 32. Rxa5 Kd6 33. Ra8 1-0

[Event "Bad Endbach"]
[Site "Bad Endbach"]
[Date "1995.??.??"]
[Round "?"]
[White "Romanishin, Oleg M"]
[Black "Kupreichik, Viktor D"]
[Result "1/2-1/2"]
[WhiteElo "2595"]
[BlackElo "2500"]
[Annotator "Huebner,R"]
[PlyCount "138"]
[EventDate "1995.04.??"]
[EventType "tourn"]
[EventRounds "11"]
[EventCountry "GER"]
[EventCategory "11"]
[SourceTitle "CBM 047"]
[Source "ChessBase"]
[SourceDate "1995.08.01"]
[SourceVersion "1"]
[SourceVersionDate "1995.08.01"]
[SourceQuality "1"]

1. d4 d5 2. c4 c6 3. Nf3 Nf6 4. Nc3 dxc4 5. Ne5 e6 (5... Nbd7 6. Nxc4 b5 7. Nd2
e5 8. e3 Bb7 9. Be2 $10 {Romanishin-Gawehns, Bonn 1994}) 6. g3 Nbd7 (6... Bb4
7. Bg2 Nd5 8. Bd2 Nb6 9. Ne4 a5 (9... Bxd2+ 10. Qxd2 f6 11. Nf3 O-O $13) 10. e3
O-O 11. Qc2 N8d7 12. Bxb4 (12. Nxc4 $5 $14) 12... axb4 13. Nxc4 Nxc4 14. Qxc4
Qa5 15. O-O e5 16. a3 Nb6 17. Qxb4 Qxb4 18. axb4 Rxa1 19. Rxa1 exd4 20. exd4
Rd8 21. Rd1 Nc4 $10 {Benjamin-Murey, Jerusalem 1986, Inf. 42/ (471)}) 7. Nxc4
b5 8. Ne3 (8. Nd2 $5) 8... b4 (8... Bb7 9. Bg2 Qb6 10. a4 a6 11. O-O Be7 $10)
9. Na4 Ba6 10. Bg2 Rc8 11. O-O Be7 12. a3 bxa3 13. b3 Nd5 14. Nc4 N7b6 15.
Naxb6 axb6 16. Bxa3 Bb5 17. Bxe7 Nxe7 18. Ra7 O-O 19. Na3 Nd5 20. Qd2 Qd6 21.
Ra1 (21. Rc1 $5 Nb4 22. Nxb5 cxb5 23. e3 $14) 21... Nb4 22. e3 Bd3 $10 23. Ra4
c5 24. dxc5 bxc5 25. Nc4 Qd8 26. Ne5 Bb5 27. Qxd8 Rfxd8 28. Ra5 Be8 29. h4 f6
30. Nc4 Rc7 31. Bh3 Kf7 32. Ra7 Rxa7 33. Rxa7+ Rd7 34. Ra5 Rd1+ 35. Kh2 Nd3 36.
Nd6+ Ke7 37. Nxe8 Kxe8 38. Ra2 e5 39. Bf5 g6 40. Be4 f5 41. Bxd3 Rxd3 42. Ra5
Rxb3 43. Rxc5 e4 44. h5 Rb2 45. Kg2 Kf8 46. Rc7 Kg8 47. h6 Rb5 48. Rg7+ Kh8 49.
Re7 Kg8 50. Kh3 Rb2 51. Kg2 Rb5 52. g4 fxg4 53. Re8+ Kf7 54. Rh8 Rh5 55. Rxh7+
Kf6 56. Rh8 Rh3 57. h7 Kg5 58. Re8 Rxh7 59. Re5+ Kh4 60. Rxe4 Ra7 61. Re6 Kg5
62. Kg3 Rf7 63. Re5+ Rf5 64. Re6 Rf3+ 65. Kg2 Rf5 66. Rd6 Ra5 67. Rd3 Rf5 68.
Rd4 Rf8 69. Rd5+ Rf5 1/2-1/2

[Event "FRA-ch"]
[Site "Narbonne"]
[Date "1997.08.22"]
[Round "7"]
[White "Hauchard, Arnaud"]
[Black "Prie, Eric"]
[Result "1/2-1/2"]
[WhiteElo "2485"]
[BlackElo "2465"]
[Annotator "Huebner,R"]
[PlyCount "54"]
[EventDate "1997.08.15"]
[EventType "tourn"]
[EventRounds "15"]
[EventCountry "FRA"]
[EventCategory "9"]
[SourceTitle "CBM 061"]
[Source "ChessBase"]
[SourceDate "1997.11.23"]
[SourceVersion "1"]
[SourceVersionDate "1997.11.23"]
[SourceQuality "1"]

1. d4 d5 2. c4 c6 3. Nc3 Nf6 4. Nf3 a6 5. Bg5 Ne4 6. Bf4 Nxc3 7. bxc3 dxc4 8.
g3 b5 9. Bg2 Nd7 (9... Bb7 10. Ne5 f6 11. Nxc4 g5 12. Bxb8 (12. Be3 bxc4 13.
Rb1 Qc7 14. h4 Nd7 15. hxg5 fxg5 16. Bxg5 O-O-O 17. O-O Rg8 18. Qd2 h6 19. Be3
e5 20. Qc2 Bd6 21. Rxb7 Kxb7 22. Rb1+ Ka7 23. Bxc6 Rb8 24. Bxd7 Rxb1+ 25. Qxb1
exd4 26. Bxd4+ Bc5 27. Qe4 Rd8 28. Bxc5+ Qxc5 29. Be6 Rd1+ 30. Kg2 Qh5 31. Qe3+
Kb7 32. Qf3+ Qxf3+ 33. Kxf3 Rc1 34. Ke3 Rxc3+ 35. Kd2 Ra3 36. Bxc4 Kc6 37. Bb3
Kc5 38. g4 a5 39. e3 a4 40. Bf7 Kb4 41. f4 Kc5 42. Bg8 Kd6 43. Bf7 Ke7 44. Bc4
Kf8 45. Bd5 Ke7 46. Ke2 Kd6 {Anand,V-Shirov,A/Amber-blind6th 1997/EXP 57/1/2-1/
2 (59)}) 12... bxc4 13. Rb1 Rxb8 14. Rxb7 Rxb7 15. Bxc6+ Rd7 16. Qa4 e6 17. O-O
Bd6 18. Qxa6 Kf7 19. Bxd7 Qxd7 20. Qxc4 Rb8 21. Qd3 Kg7 22. c4 Qa4 23. c5 Be7
24. Ra1 {Rashkovsky,N-Rublevsky,S/Kurgan 1993/CBM 39/[Lisenko]/0-1 (37)}) 10.
O-O Bb7 11. Qb1 g6 12. Nd2 Qc8 13. a4 Bg7 14. Qb4 c5 15. dxc5 Bxg2 16. Kxg2
Qc6+ 17. f3 Rc8 $6 (17... O-O 18. axb5 axb5 19. Rxa8 Rxa8 20. Rb1 Nxc5 {
führt zum Remis.}) 18. axb5 axb5 19. Ra5 Nxc5 20. Rxb5 Nd7 21. Rb7 O-O 22. Nxc4
$6 ({Mit} 22. Rb1 {konnte Weiß einigen Druck behalten.}) 22... Bxc3 23. Qxc3
Qxb7 24. Bh6 f6 25. Bxf8 Kxf8 26. Qd3 Qb5 27. Rd1 Qxc4 1/2-1/2